[Event "3rd Sharjah Masters 2019"]
[Site "Sharjah UAE"]
[Date "2019.03.28"]
[Round "7.28"]
[White "Pranav, Anand"]
[Black "Venkatesh, M.R."]
[Result "1/2-1/2"]
[WhiteTitle "FM"]
[BlackTitle "GM"]
[WhiteElo "2359"]
[BlackElo "2517"]
[WhiteFideId "46626786"]
[BlackFideId "5005779"]
[EventDate "2019.03.22"]

1. e4 e5 2. Nf3 Nc6 3. Bb5 a6 4. Ba4 d6 5. O-O Bd7 6. c3 g6 7. d4 Bg7 8. d5 Nce7
9. Bxd7+ Qxd7 10. c4 h6 11. Nc3 f5 12. Ne1 Nf6 13. f3 O-O 14. Nd3 b6 15. Bd2 a5
16. b3 f4 17. a3 g5 18. b4 g4 19. c5 axb4 20. axb4 Rxa1 21. Qxa1 gxf3 22. gxf3
Ng6 23. Rf2 Nh4 24. cxd6 cxd6 25. Qa6 Nh5 26. Ne1 Rf6 27. Qf1 Rg6+ 28. Kh1 b5
29. Ne2 Rg5 30. Ng2 Ng6 31. Ne1 Bf6 32. Rg2 Qh3 33. Qf2 Nh4 34. Ng1 Qd7 35.
Rxg5+ hxg5 36. Qb6 Qh7 37. Qxb5 Kf8 38. Qc6 g4 39. Qc8+ Kf7 40. Qe6+ Kf8 41.
Qxg4 Ng3+ 42. hxg3 Nxf3+ 43. Kg2 Nxd2 44. Qc8+ Kf7 45. Qe6+ Kg7 46. Qd7+ Kg6 47.
Qf5+ Kg7 48. Qd7+ 1/2-1/2

[Event "3rd Sharjah Masters 2019"]
[Site "Sharjah UAE"]
[Date "2019.03.28"]
[Round "7.29"]
[White "Stany, G.A."]
[Black "Boudriga, Mohamed Ali"]
[Result "1-0"]
[WhiteTitle "GM"]
[BlackTitle "IM"]
[WhiteElo "2507"]
[BlackElo "2369"]
[WhiteFideId "5029104"]
[BlackFideId "5500460"]
[EventDate "2019.03.22"]

1. e4 c5 2. Nf3 d6 3. d4 cxd4 4. Nxd4 Nf6 5. Nc3 a6 6. Be3 e6 7. f3 b5 8. Qd2
Bb7 9. g4 Nfd7 10. O-O-O Nb6 11. Nb3 Nc4 12. Bxc4 bxc4 13. Nc5 Qc7 14. Nxb7 Qxb7
15. Bf4 Nc6 16. Bxd6 Rd8 17. Qf4 Bxd6 18. Rxd6 O-O 19. Rxd8 Rxd8 20. Rd1 Rb8 21.
b3 e5 22. Qf5 Qb4 23. Rd7 Rf8 24. Kb2 cxb3 25. axb3 Nd4 26. Qxe5 Nxf3 27. Qf4
Nh4 28. Nd5 Qd4+ 29. c3 Qc5 30. Ne7+ Kh8 31. Qxf7 Qf2+ 32. Qxf2 Rxf2+ 33. Ka3 g6
34. e5 Re2 35. Nd5 1-0

[Event "3rd Sharjah Masters 2019"]
[Site "Sharjah UAE"]
[Date "2019.03.28"]
[Round "7.30"]
[White "Arencibia Rodriguez, Walter"]
[Black "Omar, Noaman"]
[Result "1-0"]
[WhiteTitle "GM"]
[BlackTitle "IM"]
[WhiteElo "2506"]
[BlackElo "2356"]
[WhiteFideId "3500012"]
[BlackFideId "9300244"]
[EventDate "2019.03.22"]

1. d4 d5 2. c4 e6 3. Nc3 Be7 4. cxd5 exd5 5. Bf4 Nf6 6. e3 Bf5 7. Nge2 O-O 8.
Rc1 Be6 9. h3 Nbd7 10. Ng3 Ne8 11. e4 c6 12. exd5 cxd5 13. Bd3 Ndf6 14. O-O Nd6
15. Be5 Nc4 16. Qe2 Nd6 17. Rfe1 Re8 18. Nb5 Nxb5 19. Bxb5 Bd7 20. Bxd7 Qxd7 21.
Rc7 Qd8 22. Rxb7 a5 23. Qf3 Bf8 24. Kh2 Re6 25. Rc1 Rc8 1-0

[Event "3rd Sharjah Masters 2019"]
[Site "Sharjah UAE"]
[Date "2019.03.28"]
[Round "7.31"]
[White "Nasanjargal, Urtnasan"]
[Black "Bharath, Subramaniyam H"]
[Result "0-1"]
[WhiteTitle "FM"]
[BlackTitle "CM"]
[WhiteElo "2503"]
[BlackElo "2301"]
[WhiteFideId "4900774"]
[BlackFideId "46634827"]
[EventDate "2019.03.22"]

1. e4 c5 2. Nf3 e6 3. Nc3 a6 4. d4 cxd4 5. Nxd4 Qc7 6. g3 Nf6 7. Bg2 Nc6 8. O-O
Be7 9. Be3 O-O 10. f4 d6 11. a4 Na5 12. Kh1 Rd8 13. g4 Nc4 14. Bc1 d5 15. e5 Ne4
16. Nxe4 dxe4 17. Bxe4 f6 18. exf6 Bxf6 19. c3 Bxd4 20. cxd4 Bd7 21. Qf3 Nd6 22.
Kg1 Nxe4 23. Qxe4 Qc4 24. b3 Qxb3 25. Ra3 Qc4 26. Rh3 g6 27. f5 exf5 28. Qe7
Qxd4+ 29. Be3 Qxg4+ 30. Rg3 Qe4 31. Qxe4 fxe4 32. a5 Bb5 33. Re1 Rac8 34. Bh6
Rc2 35. h4 Kf7 36. Rg4 Bc6 37. Rf4+ Ke6 38. Ref1 Rd3 39. Rf6+ Kd5 40. Bf4 Kc4
41. Rb1 e3 42. Re1 Rg2+ 43. Kf1 Rf2+ 44. Kg1 Rd4 45. Rxc6+ bxc6 46. Bxe3 Rff4
47. Bxd4 Rxd4 48. Rb1 Rxh4 49. Rb6 c5 50. Rxa6 Kb5 51. Ra7 h5 52. Kf2 Re4 53.
Rc7 Re5 54. a6 Kxa6 55. Rc6+ Kb5 56. Rxg6 c4 0-1

[Event "3rd Sharjah Masters 2019"]
[Site "Sharjah UAE"]
[Date "2019.03.28"]
[Round "7.32"]
[White "Harsha, Bharathakoti"]
[Black "Sharma, Dinesh K."]
[Result "1-0"]
[WhiteTitle "GM"]
[BlackTitle "IM"]
[WhiteElo "2497"]
[BlackElo "2286"]
[WhiteFideId "5078776"]
[BlackFideId "5004110"]
[EventDate "2019.03.22"]

1. d4 d5 2. c4 c6 3. Nf3 Nf6 4. Nc3 dxc4 5. e4 b5 6. Be2 e6 7. O-O a6 8. b3 cxb3
9. Qxb3 Nbd7 10. e5 Nd5 11. Ng5 Nxc3 12. Qxc3 Be7 13. Qg3 Nb6 14. Rd1 Nd5 15.
Ne4 Kf8 16. Bh5 Bd7 17. Rd3 h6 18. Rf3 Be8 19. Qg4 Qd7 20. Bd2 a5 21. a3 Kg8 22.
Rg3 g6 23. Qd1 Kg7 24. Qc1 Nb6 25. Bf3 Nc4 26. Bc3 Nxa3 27. Rxa3 b4 28. Ra1 bxc3
29. Qxc3 Rd8 30. Rd1 Bb4 31. Qa1 Qc7 32. h4 Be7 33. h5 g5 34. Be2 Qb6 35. f4 Kf8
36. fxg5 hxg5 37. Nxg5 c5 38. Rb1 Qc7 39. Nxe6+ fxe6 40. Rf1+ Bf7 41. Rgf3 Rxd4
42. Rxf7+ Kg8 43. Qe1 Qxe5 44. Rxe7 Re4 45. Qf2 1-0

[Event "3rd Sharjah Masters 2019"]
[Site "Sharjah UAE"]
[Date "2019.03.28"]
[Round "7.33"]
[White "Assaubayeva, Bibisara"]
[Black "Lorparizangeneh, Shahin"]
[Result "0-1"]
[WhiteTitle "FM"]
[BlackTitle "GM"]
[WhiteElo "2376"]
[BlackElo "2493"]
[WhiteFideId "13708694"]
[BlackFideId "12521604"]
[EventDate "2019.03.22"]

1. d4 Nf6 2. c4 g6 3. Nf3 Bg7 4. Nc3 d5 5. h4 h6 6. h5 g5 7. cxd5 Nxd5 8. e4
Nxc3 9. bxc3 c5 10. Be3 Nc6 11. e5 Qa5 12. Nd2 Be6 13. Rb1 Rd8 14. Bb5 Bxa2 15.
Bxc6+ bxc6 16. Rc1 Qa6 17. Ra1 cxd4 18. Bxd4 c5 19. Be3 Bxe5 20. Qc2 Qc6 21.
Rxa2 Qxg2 22. Qe4 Qxe4 23. Nxe4 f5 24. Nxc5 Bxc3+ 25. Ke2 f4 26. Bc1 Rc8 27. Ne4
Bd4 28. Rd1 Bb6 29. Ba3 g4 30. Kf1 Rc6 31. Re2 f3 32. Ree1 Rh7 33. Rd5 Kf8 34.
Nc5 Ke8 35. Nd7 Bc7 36. Ne5 Ra6 37. Bc5 Rg7 38. Nxg4 Ba5 39. Re4 Bc3 40. Rd1 Ra5
41. Be3 Rxh5 42. Kg1 Rh4 43. Rd3 Rgxg4+ 44. Rxg4 Rxg4+ 45. Kh1 Be5 46. Bxa7 Ra4 0-1

[Event "3rd Sharjah Masters 2019"]
[Site "Sharjah UAE"]
[Date "2019.03.28"]
[Round "7.34"]
[White "Iniyan, P"]
[Black "Poormosavi, Seyed Kian"]
[Result "1-0"]
[WhiteTitle "IM"]
[WhiteElo "2487"]
[BlackElo "2261"]
[WhiteFideId "25002767"]
[BlackFideId "12585807"]
[EventDate "2019.03.22"]

1. d4 Nf6 2. c4 g6 3. Nc3 d5 4. cxd5 Nxd5 5. e4 Nxc3 6. bxc3 Bg7 7. Bc4 c5 8.
Ne2 cxd4 9. cxd4 Nc6 10. Be3 Qa5+ 11. Bd2 Qh5 12. O-O O-O 13. Bc3 b5 14. Bd5 Bb7
15. e5 Rfd8 16. Bf3 Qg5 17. Rb1 a6 18. a4 Rac8 19. Qe1 Ba8 20. axb5 axb5 21. Ra1
Bb7 22. Rb1 Ba8 23. Ra1 Bb7 24. Kh1 Rb8 25. Rc1 Rbc8 26. Rb1 Ba8 27. Ra1 Bb7 28.
Qb1 b4 29. Bxb4 Rb8 30. Bc5 Rdc8 31. Qd1 Qh4 32. Rb1 Ba6 33. Rxb8 Nxb8 34. Qd2
e6 35. Ra1 Rxc5 36. dxc5 Bxe5 37. g3 Qf6 38. Ra3 g5 39. Kg2 Kg7 40. Be4 Bb5 41.
f4 Bxe2 42. Qxe2 gxf4 43. Qg4+ Kf8 44. gxf4 Bc7 45. Rg3 Nd7 46. c6 Qb2+ 47. Kh3
Nf6 48. Qg7+ Ke7 49. Rd3 Qe2 50. Qg5 Qf1+ 51. Kh4 Bxf4 52. Qc5+ Ke8 53. Ra3 Bb8
54. Bf3 Qe1+ 55. Kh3 Qd2 56. c7 Qh6+ 57. Kg2 Qg6+ 58. Kf2 1-0

[Event "3rd Sharjah Masters 2019"]
[Site "Sharjah UAE"]
[Date "2019.03.28"]
[Round "7.35"]
[White "Raghunandan, Kaumandur Srihari"]
[Black "Tokhirjonova, Gulrukhbegim"]
[Result "1-0"]
[WhiteTitle "IM"]
[BlackTitle "WGM"]
[WhiteElo "2352"]
[BlackElo "2434"]
[WhiteFideId "25004964"]
[BlackFideId "14203626"]
[EventDate "2019.03.22"]

1. Nf3 d5 2. g3 Nc6 3. d4 Bf5 4. Bg2 Nb4 5. Na3 e6 6. c3 Na6 7. O-O c6 8. Nh4
Nf6 9. Nxf5 exf5 10. Qd3 g6 11. Bg5 Bg7 12. c4 dxc4 13. Qe3+ Qe7 14. Nxc4 Qxe3
15. fxe3 Nd5 16. g4 f6 17. Bh4 g5 18. Bg3 fxg4 19. e4 Ne7 20. Nd6+ Kd7 21. Nxb7
h5 22. Nc5+ Nxc5 23. dxc5 Rad8 24. Rad1+ Ke6 25. Bc7 Rd7 26. Ba5 Ng6 27. Rxd7
Kxd7 28. Rd1+ Ke7 29. Rd6 Rc8 30. e3 Ne5 31. Bf1 Nf7 32. Rd2 Rb8 33. b3 Bf8 34.
Ba6 Ne5 35. Kg2 Ke6 36. b4 h4 37. a3 Nf3 38. Rd1 f5 39. Bc4+ Kf6 40. exf5 Kxf5
41. Be2 h3+ 42. Kf2 Re8 43. Bc7 Nh4 44. Rd4 Nf3 45. Bxf3 gxf3 46. Kxf3 Bg7 47.
e4+ Kg6 48. Rd6+ Kh5 49. Rxc6 Bd4 50. Bg3 g4+ 51. Ke2 Be5 52. Bxe5 Rxe5 53. Rc8
Rxe4+ 54. Kd3 Re6 55. c6 g3 56. c7 Rd6+ 57. Ke3 Rc6 58. Rh8+ Kg4 59. Rg8+ Kf5
60. c8=Q+ 1-0

[Event "3rd Sharjah Masters 2019"]
[Site "Sharjah UAE"]
[Date "2019.03.28"]
[Round "7.36"]
[White "Praveen, Kumar C"]
[Black "Shyaamnikhil, P"]
[Result "0-1"]
[WhiteTitle "IM"]
[BlackTitle "IM"]
[WhiteElo "2243"]
[BlackElo "2429"]
[WhiteFideId "5007372"]
[BlackFideId "5024218"]
[EventDate "2019.03.22"]

1. d4 d6 2. Nf3 g6 3. c4 Bg7 4. g3 c5 5. Bg2 Bd7 6. O-O cxd4 7. Nxd4 Nc6 8. Nc2
Qc8 9. Nc3 Bxc3 10. bxc3 Bh3 11. Be3 h5 12. f3 Bxg2 13. Kxg2 b6 14. Nb4 Na5 15.
Bd4 e5 16. Bf2 Nxc4 17. Nd5 Ne7 18. Rb1 Qc6 19. e4 Nxd5 20. exd5 Qc7 21. f4 Rc8
22. Qd3 f5 23. fxe5 dxe5 24. Rfd1 O-O 25. d6 Qc6+ 26. Qd5+ Qxd5+ 27. Rxd5 Kf7
28. d7 Rcd8 29. Rb4 Ke6 30. Rd1 Nd6 31. c4 Rxd7 32. c5 bxc5 33. Bxc5 Rc8 34.
Rxd6+ Rxd6 35. Bxd6 Rc2+ 36. Kg1 Kxd6 37. Ra4 e4 38. Rxa7 e3 39. Kf1 Kd5 40. Re7
Kd4 0-1

[Event "3rd Sharjah Masters 2019"]
[Site "Sharjah UAE"]
[Date "2019.03.28"]
[Round "7.37"]
[White "Al Hosani, Omran"]
[Black "Dimakiling, Oliver"]
[Result "0-1"]
[WhiteTitle "FM"]
[BlackTitle "IM"]
[WhiteElo "2238"]
[BlackElo "2423"]
[WhiteFideId "9308733"]
[BlackFideId "5202248"]
[EventDate "2019.03.22"]

1. Nf3 c5 2. g3 Nc6 3. d4 cxd4 4. Nxd4 g6 5. c4 Bg7 6. Nc2 h5 7. Bg2 h4 8. Nc3
d6 9. e4 Be6 10. Ne3 Rc8 11. O-O hxg3 12. hxg3 Qd7 13. f4 Bh3 14. g4 Bd4 15.
Bxh3 Rxh3 16. Kg2 Rxe3 17. Bxe3 Bxe3 18. Qf3 Bd4 19. g5 Bg7 20. Qg3 Nd4 21. f5
gxf5 22. g6 Nf6 23. exf5 Nxf5 24. Qg5 Rc5 25. Rae1 Kf8 26. gxf7 Bh6 0-1

[Event "3rd Sharjah Masters 2019"]
[Site "Sharjah UAE"]
[Date "2019.03.28"]
[Round "7.38"]
[White "Thrish, Karthik"]
[Black "Raja, Rithvik R"]
[Result "0-1"]
[BlackTitle "IM"]
[WhiteElo "2096"]
[BlackElo "2423"]
[WhiteFideId "46626433"]
[BlackFideId "35007394"]
[EventDate "2019.03.22"]

1. Nf3 d5 2. e3 Nf6 3. c4 e6 4. b3 Bd6 5. Bb2 O-O 6. d4 b6 7. Nbd2 Bb7 8. Qc2
Nbd7 9. Bd3 h6 10. O-O c5 11. cxd5 Nxd5 12. e4 Nb4 13. Qc3 Nxd3 14. Qxd3 Be7 15.
Rad1 cxd4 16. Qxd4 Nf6 17. Qe3 Rc8 18. Nc4 Qc7 19. Bxf6 Bxf6 20. Nd6 Rcd8 21.
Nxb7 Qxb7 22. h3 Qa6 23. a4 Be7 24. Ne5 Bc5 25. Qf3 Qb7 26. Nd3 Bd4 27. Nf4 Rd6
28. Ne2 Rfd8 29. Nxd4 Rxd4 30. Rxd4 Rxd4 31. Re1 Qc6 32. Qe3 e5 33. Rc1 Qxe4 34.
Rc8+ Kh7 35. Qxe4+ Rxe4 36. Rc7 f6 37. Rxa7 Rb4 38. a5 bxa5 39. Rxa5 Rxb3 40. f3
Kg6 41. Kf2 Rb4 42. Ra7 h5 43. Rc7 h4 44. Rc2 Kg5 45. g3 hxg3+ 46. Kxg3 Rb3 47.
h4+ Kh5 48. Rc4 f5 49. Kg2 g6 50. Rc6 Rb4 51. Re6 e4 52. fxe4 Rxe4 53. Rxe4 fxe4
54. Kg3 e3 55. Kf3 Kxh4 56. Kxe3 Kg3 57. Kd4 0-1

[Event "3rd Sharjah Masters 2019"]
[Site "Sharjah UAE"]
[Date "2019.03.28"]
[Round "7.39"]
[White "Akshat, Khamparia"]
[Black "Ranaldi, Lucas"]
[Result "1-0"]
[WhiteTitle "IM"]
[BlackTitle "FM"]
[WhiteElo "2415"]
[BlackElo "2279"]
[WhiteFideId "5016541"]
[BlackFideId "1519484"]
[EventDate "2019.03.22"]

1. d4 e6 2. c4 Nf6 3. Nc3 Bb4 4. Qc2 b6 5. e4 c5 6. a3 Bxc3+ 7. bxc3 Bb7 8. Bd3
b5 9. Qb1 cxd4 10. Ne2 Qc7 11. cxb5 dxc3 12. O-O d5 13. exd5 Nxd5 14. a4 Nd7 15.
Ba3 Rc8 16. Qc1 Nc5 17. Bc2 O-O 18. Qg5 Rfd8 19. Rad1 h6 20. Qh4 Nf6 21. Nxc3
Nxa4 22. Bxa4 Qxc3 23. Rxd8+ Rxd8 24. Be7 Rd4 25. Bxf6 gxf6 26. Qxf6 Bxg2 1-0

[Event "3rd Sharjah Masters 2019"]
[Site "Sharjah UAE"]
[Date "2019.03.28"]
[Round "7.40"]
[White "Karthik, Venkataraman"]
[Black "Rayes, Abdul Kader"]
[Result "1-0"]
[WhiteTitle "GM"]
[WhiteElo "2494"]
[BlackElo "2219"]
[WhiteFideId "25006479"]
[BlackFideId "7600801"]
[EventDate "2019.03.22"]

1. c4 e6 2. Nf3 d5 3. g3 Be7 4. Bg2 Nf6 5. O-O O-O 6. b3 c5 7. Bb2 Nc6 8. e3 b6
9. Nc3 Bb7 10. cxd5 exd5 11. d4 Rb8 12. Rc1 cxd4 13. Nxd4 Nxd4 14. Qxd4 Bc5 15.
Qa4 Qe7 16. Rfd1 Rfd8 17. Qh4 Ba3 18. Bxa3 Qxa3 19. Qd4 Rd7 20. Rc2 Qe7 21. Rcd2
Bc6 22. Ne2 Rbd8 23. Qf4 g6 24. Rc2 Rd6 25. Rdc1 Be8 26. Nd4 a6 27. Rc7 Qf8 28.
Qf3 Ne4 29. Qe2 a5 30. Bxe4 dxe4 31. Qc2 f5 32. Qc4+ Bf7 33. Qb5 f4 34. gxf4 Rd5
35. Qxb6 Qe8 36. Qf6 R5d6 37. Qe7 a4 38. bxa4 Qxe7 39. Rxe7 R8d7 40. Rxd7 Rxd7
41. a5 Ra7 42. Nc6 Ra6 43. Rc5 Ra8 44. Nb4 Rd8 1-0

[Event "3rd Sharjah Masters 2019"]
[Site "Sharjah UAE"]
[Date "2019.03.28"]
[Round "7.41"]
[White "Abdurakhmonov, Mukhammadali"]
[Black "Buksa, Nataliya"]
[Result "1-0"]
[BlackTitle "IM"]
[WhiteElo "2205"]
[BlackElo "2416"]
[WhiteFideId "14207346"]
[BlackFideId "14123622"]
[EventDate "2019.03.22"]

1. c4 e6 2. Nf3 d5 3. d4 Nf6 4. g3 Be7 5. Bg2 O-O 6. Qc2 b6 7. O-O dxc4 8. Bg5
Nd5 9. Bxe7 Qxe7 10. Qxc4 Ba6 11. Qc2 Nd7 12. Nc3 Nxc3 13. Qxc3 Rac8 14. Qe3 Qb4
15. b3 c5 16. Rfd1 h6 17. dxc5 Nxc5 18. Nd4 Qa3 19. b4 Qxb4 20. Nc6 Rxc6 21.
Bxc6 Rc8 22. Bf3 Qb2 23. a4 Bc4 24. Rac1 Qb4 25. Qf4 Nxa4 26. Rxc4 Rxc4 27. Rd8+
Kh7 28. Qxf7 Qb1+ 29. Kg2 Qf5 30. Qg8+ Kg6 31. Rf8 Qe5 32. Qf7+ Kh7 33. Qe8 1-0

[Event "3rd Sharjah Masters 2019"]
[Site "Sharjah UAE"]
[Date "2019.03.28"]
[Round "7.42"]
[White "Akash, G"]
[Black "Singgih, Diajeng Theresa"]
[Result "1-0"]
[WhiteTitle "IM"]
[BlackTitle "WFM"]
[WhiteElo "2411"]
[BlackElo "2164"]
[WhiteFideId "5040299"]
[BlackFideId "7104391"]
[EventDate "2019.03.22"]

1. Nf3 d5 2. g3 Nf6 3. Bg2 e6 4. O-O Bd6 5. d3 O-O 6. Nbd2 e5 7. e4 c6 8. Re1
Qc7 9. Nf1 Be6 10. h3 h6 11. N3h2 Na6 12. Ng4 Nh7 13. Nfe3 dxe4 14. dxe4 Rad8
15. Qe2 Qc8 16. Nc4 Bc7 17. Be3 c5 18. c3 f6 19. a4 b6 20. Bc1 Nb8 21. Kh2 Nc6
22. Nge3 Ne7 23. h4 Rd7 24. Bf3 f5 25. exf5 Nxf5 26. Nxf5 Rxf5 27. Bg4 Rf6 28.
Bxe6+ Rxe6 29. Nd2 e4 30. Qc4 Re7 31. Rxe4 Nf6 32. Rxe6 Qxe6 33. Kg2 Qxc4 34.
Nxc4 Re1 35. b3 a6 36. Bb2 Re2 37. Kf3 Re8 38. Ne3 Be5 39. Rd1 Rf8 40. Rd3 h5
41. Kg2 b5 42. f4 Bc7 43. axb5 axb5 44. c4 bxc4 45. bxc4 Ne4 46. Kf3 Nd6 47. Rd5
Rb8 48. Be5 Ne8 49. Bxc7 Nxc7 50. Rxc5 Ne6 51. Rxh5 Nd4+ 52. Ke4 Ne2 53. Rg5
Re8+ 54. Kf3 Ng1+ 55. Kg2 Rxe3 56. Kxg1 Re2 57. Kf1 Rc2 58. c5 Kf7 59. Ke1 Kf6
60. Kd1 Rc4 61. Kd2 g6 62. Kd3 Rc1 63. Kd4 Rd1+ 64. Kc4 Rc1+ 65. Kd5 Rd1+ 66.
Kc6 Rd3 67. Kb5 Rb3+ 68. Kc4 Rb1 69. c6 Rd1 70. Rc5 Rc1+ 71. Kd4 Rd1+ 72. Ke3
Re1+ 73. Kf3 Re8 74. c7 Rc8 75. Rc6+ Kf7 76. g4 1-0

[Event "3rd Sharjah Masters 2019"]
[Site "Sharjah UAE"]
[Date "2019.03.28"]
[Round "7.43"]
[White "Zaibi, Amir"]
[Black "Jaeel, Atharva"]
[Result "1-0"]
[WhiteTitle "IM"]
[WhiteElo "2386"]
[BlackElo "2145"]
[WhiteFideId "5500796"]
[BlackFideId "35041576"]
[EventDate "2019.03.22"]

1. d4 Nf6 2. Nf3 e6 3. e3 b6 4. Bd3 Bb7 5. O-O Be7 6. Nbd2 d5 7. b3 O-O 8. Bb2
Ne4 9. c4 Nd7 10. Rc1 Ndf6 11. Ne5 Nxd2 12. Qxd2 c5 13. Rfd1 cxd4 14. exd4 Rc8
15. Qe3 dxc4 16. bxc4 Rc7 17. Qh3 Be4 18. d5 Qc8 19. d6 Bxd6 20. Qh4 Bxd3 21.
Rxd3 Rd8 22. Rcd1 Be7 23. h3 Rxd3 24. Rxd3 Kf8 25. Qf4 Kg8 26. Rg3 Qd8 27. Qh6
g6 28. Rd3 Qf8 29. Qf4 Rc8 30. g4 h6 31. h4 Rd8 32. Rxd8 Bxd8 33. Qd4 Qe8 34. g5
hxg5 35. hxg5 Nh5 36. Nf3 Kh7 37. Qe5 f6 38. Qb8 Qd7 39. gxf6 Bxf6 40. Qf8 Qg7
41. Ng5+ Kh6 42. Nf7+ Kh7 43. Ng5+ Kh6 44. Nxe6 Qxf8 45. Bc1+ Kh7 46. Nxf8+ Kg7
47. Nd7 Bd4 48. Nb8 Ng3 49. Kg2 Ne2 50. Bd2 Bc5 51. Nc6 Bd6 52. Nxa7 Kf7 53. Nc6
Bc5 54. Kf3 Ng1+ 55. Kg2 Ne2 56. Kf1 Nd4 57. Nxd4 Bxd4 58. Ke2 Be5 59. Kf3 Ke6
60. Bf4 Bf6 61. Ke4 Bh4 62. f3 Be7 63. a4 Bd8 64. Bb8 Bh4 65. c5 bxc5 66. a5 Kd7
67. Kd5 Kc8 68. Bd6 Kb7 69. Bxc5 Be1 70. Bb6 Ka6 71. Ke6 Bd2 72. Kf6 g5 73. Kg6
Bf4 74. Bd8 Bd2 75. Bxg5 Bxa5 76. f4 Kb7 77. f5 Bc3 78. Bf6 Ba5 79. Kf7 Kc6 80.
Ke6 Be1 81. Be5 Bh4 82. Bf4 Bf2 83. f6 Bc5 84. f7 Bf8 85. Bg5 Kc7 86. Be7 Bh6
87. Bd6+ Kc6 88. Bb4 Kb5 89. Ba3 Kc6 90. Bd6 Bg7 91. Be7 Bh6 92. Ba3 Bg7 93. Kf5
Kd5 1-0

[Event "3rd Sharjah Masters 2019"]
[Site "Sharjah UAE"]
[Date "2019.03.29"]
[Round "8.3"]
[White "Maghsoodloo, Parham"]
[Black "Matlakov, Maxim"]
[Result "0-1"]
[WhiteTitle "GM"]
[BlackTitle "GM"]
[WhiteElo "2673"]
[BlackElo "2692"]
[WhiteFideId "12539929"]
[BlackFideId "4168003"]
[EventDate "2019.03.22"]

1. Nf3 d5 2. c4 e6 3. g3 Nf6 4. Bg2 d4 5. O-O c5 6. e3 Nc6 7. exd4 cxd4 8. d3
Bd6 9. Bg5 h6 10. Bxf6 Qxf6 11. Nbd2 Qe7 12. a3 a5 13. Ne4 Bc7 14. b4 axb4 15.
axb4 Rxa1 16. Qxa1 Qxb4 17. Rb1 Qe7 18. Nxd4 Nxd4 19. Qxd4 O-O 20. c5 Rd8 21.
Qc3 Qd7 22. Rb3 Qa4 23. Bf3 f5 24. Ra3 Qd7 25. Nd2 e5 26. Nc4 e4 27. dxe4 fxe4
28. Be2 Kh7 29. Qc2 Qc6 30. Ne3 Rd4 31. Bc4 Bd8 32. Ra8 Be6 33. Bxe6 Qxe6 34. h4
Bf6 35. Ra7 Rd3 36. Rxb7 Bd4 37. Qc4 Qxc4 38. Nxc4 Rxg3+ 39. Kf1 Rf3 40. Re7
Rxf2+ 41. Ke1 Rc2 42. Rxe4 Rxc4 43. Kd1 Kg6 0-1

[Event "3rd Sharjah Masters 2019"]
[Site "Sharjah UAE"]
[Date "2019.03.29"]
[Round "8.4"]
[White "Kryvoruchko, Yuriy"]
[Black "Aditya, Mittal"]
[Result "1-0"]
[WhiteTitle "GM"]
[BlackTitle "CM"]
[WhiteElo "2680"]
[BlackElo "2454"]
[WhiteFideId "14109182"]
[BlackFideId "35042025"]
[EventDate "2019.03.22"]

1. Nf3 d5 2. g3 Nf6 3. Bg2 g6 4. d4 c6 5. O-O Bg7 6. c4 dxc4 7. a4 Ne4 8. Qc2
Nd6 9. e4 Na6 10. Na3 O-O 11. Rd1 Nb4 12. Qe2 Nd3 13. e5 Nxc1 14. Raxc1 Ne8 15.
Nxc4 Nc7 16. Nfd2 Nd5 17. Ne4 a5 18. Nc3 Nb4 19. d5 cxd5 20. Nxd5 Nxd5 21. Bxd5
Qc7 22. e6 f5 23. f4 Ra6 24. Kg2 Qb8 25. Na3 Rd6 26. Nb5 Rdd8 27. Bf3 b6 28.
Rxd8 Rxd8 29. Rc7 Ba6 30. Rxe7 Bxb5 31. axb5 Qd6 32. Ra7 Re8 33. Qc4 Bf6 34. Qc6
Rd8 35. Qb7 Qxe6 36. Qxh7+ Kf8 37. Qh6+ Kg8 38. Qxg6+ Kf8 39. Qh6+ Kg8 40. Rg7+ 1-0

[Event "3rd Sharjah Masters 2019"]
[Site "Sharjah UAE"]
[Date "2019.03.29"]
[Round "8.8"]
[White "Megaranto, Susanto"]
[Black "Sjugirov, Sanan"]
[Result "1/2-1/2"]
[WhiteTitle "GM"]
[BlackTitle "GM"]
[WhiteElo "2526"]
[BlackElo "2667"]
[WhiteFideId "7101384"]
[BlackFideId "4189302"]
[EventDate "2019.03.22"]

1. d4 Nf6 2. Nf3 g6 3. c4 Bg7 4. Nc3 d5 5. Bg5 dxc4 6. e3 Be6 7. Ne5 c5 8. Bxc4
Bxc4 9. Nxc4 cxd4 10. exd4 O-O 11. O-O h6 12. Bh4 Nd5 13. Qb3 Nc6 14. Qxb7 Ndb4
15. Bg3 Qxd4 16. a3 Qxc4 17. axb4 Nxb4 18. Qxe7 a5 19. Na4 Rfe8 20. Qc7 Qxc7 21.
Bxc7 Nd5 22. Bd6 Re2 23. Rfd1 Nb4 24. Kf1 Rc2 25. Rac1 Rxc1 26. Rxc1 Nd3 27. Rb1
Rc8 28. Ke2 Nxb2 29. Nxb2 Rc2+ 30. Kd3 Rxb2 31. Rxb2 Bxb2 32. Kc4 Kg7 33. Kb3
Bd4 34. Bc7 Bxf2 35. Bxa5 Kf6 36. Kc4 Ke6 1/2-1/2

[Event "3rd Sharjah Masters 2019"]
[Site "Sharjah UAE"]
[Date "2019.03.29"]
[Round "8.9"]
[White "Mareco, Sandro"]
[Black "Kuybokarov, Temur"]
[Result "1-0"]
[WhiteTitle "GM"]
[BlackTitle "GM"]
[WhiteElo "2666"]
[BlackElo "2519"]
[WhiteFideId "112275"]
[BlackFideId "14203049"]
[EventDate "2019.03.22"]

1. c4 e5 2. g3 c6 3. Nf3 e4 4. Nd4 d5 5. d3 Bc5 6. Nb3 e3 7. fxe3 Bb6 8. cxd5
cxd5 9. Nc3 Nf6 10. Bg2 Nc6 11. Bd2 a5 12. Nd4 O-O 13. O-O Nxd4 14. exd4 Bxd4+
15. Kh1 Be6 16. Bg5 h6 17. Bxf6 Bxf6 18. d4 Rc8 19. e3 Bg5 20. Qf3 Qe7 21. Rae1
Rfd8 22. e4 dxe4 23. Rxe4 Rc4 24. d5 Rxe4 25. Qxe4 Bd7 26. Qf3 Bf6 27. Qf2 Be8
28. Qb6 Rd6 29. Qc5 Ra6 30. Qc4 Rb6 31. b3 Qd8 32. Ne4 Be5 33. Rc1 Bd7 34. Nc5
Bf5 35. Re1 Qc7 36. Qf1 Rf6 37. Qb5 Bc3 38. Rc1 Bd2 39. Rd1 Bb4 40. Ne4 Rb6 41.
d6 Qc2 42. Qe8+ Kh7 43. Rf1 Qc8 44. Qxf7 Be6 45. Nf6+ Kh8 46. d7 1-0

[Event "3rd Sharjah Masters 2019"]
[Site "Sharjah UAE"]
[Date "2019.03.29"]
[Round "8.10"]
[White "Deepan, Chakkravarthy J."]
[Black "Ganguly, Surya Shekhar"]
[Result "1/2-1/2"]
[WhiteTitle "GM"]
[BlackTitle "GM"]
[WhiteElo "2534"]
[BlackElo "2633"]
[WhiteFideId "5011132"]
[BlackFideId "5002150"]
[EventDate "2019.03.22"]

1. c4 Nf6 2. g3 g6 3. Bg2 Bg7 4. Nf3 O-O 5. O-O d6 6. Nc3 e5 7. d3 Nc6 8. Rb1 a5
9. a3 Re8 10. b4 e4 11. dxe4 axb4 12. axb4 Nxe4 13. Nxe4 Rxe4 14. b5 Na5 15. Nd2
Re8 16. Bb2 Bf5 17. e4 Bxb2 18. exf5 Bg7 19. fxg6 hxg6 20. h4 Qf6 21. Ne4 Qf5
22. Qc2 c6 23. bxc6 bxc6 24. Rbc1 Rad8 1/2-1/2